Регионална библиотека "Любен Каравелов" - Русе

Das DEUTSCHE Volkslied (Запис номер 343465)

MARC детайли
000 -Лидер
Контролно поле с фиксирана дължина 00935nam a2200301 c 4500
003 - Код на организацията, давaща контролен номер
Контролно поле BLK
005 - Дата и час на последна редакция
Контролно поле 20191001105917.0
008 - Елементи от данни с фиксирана дължина
fixed length control field 180911b bul|||||r ||||||| ||bul||
010 ## - Наследен системен номер
LC control number 003126
040 ## - Източник на каталожния запис
Идентификатор на билиотеката - собственик на записа BLK
041 ## - Код за език
Код за езика на текст/звукозапис или на отделно заглавие Немски
Код за езика КДБФ Български
080 ## - УДК
УДК - код + определител 830-1.09
100 1# - Редна дума - Автор
Авторска отговорност първи автор
R(LIN) 397531
245 10 - Сведения за заглавието
Заглавие Das DEUTSCHE Volkslied
246 ## - Различни форми на заглавието
Подзаглавни данни DEUTSCHE Volkslied, das
Наименование на поредна част от произведението лирика-народни песни
250 ## - Област на изданието
Сведения за изданието 2. verm. und verb. Aufl
260 ## - Област на издателските данни
Място на издаване, разпространение и проч. Leipzig
Име на издателя, разпространителя и проч. G. J. Goschen
Година на издаване 1905
300 ## - Физическа характеристика
Страници 189 с
Размери/Мащаб 15 см
380 ## - Жанр
Жанр Литературознание
490 ## - СЕРИИ (Колекции)
Име на серия Samml. Goschen
490 ## - СЕРИИ (Колекции)
Име на серия Частна колекция - Академик Михаил Арнаудов
Бележки за серията Дарение - Основен фонд
653 ## - Ключова дума – ненормативна
Ключова дума лирика
653 ## - Ключова дума – ненормативна
Ключова дума народни песни
655 ## - Ключова дума – жанр/разновидност
Данни за жанр/разновидност или ключова дума за фокус Литературознание
700 1# - Други автори (авторска отговорност)
Лично име Ausgew. und erl. von Julius Sahr
9 (RLIN) 397532
852 ## - Местоположение
Форматна сигнатура МА 847
999 ## - СИСТЕМНИ КОНТРОЛНИ НОМЕРА
Koha biblionumber 343465
Koha biblioitemnumber 343465
942 ## - АРТИКУЛИ
Вид на библиотечния материал Книги
Скрит в OPAC Не
Периодичен библиозапис Да
944 ## - СЪЗДАВАНЕ И РЕДАКЦИЯ на ЗАПИСА
Създаване/Редакция Създаване
Дата на регистрацията/редакция 1996
Служител, извършил регистрацията/редакцията ValK
999 ## - СИСТЕМНИ КОНТРОЛНИ НОМЕРА
Koha biblioitemnumber 343465
Наличности
Код за отписване Код за изгубен артикул Източник на класификационната схема Код за повреда Коз за рестрикции Код за отдаване Артикулен № Име на библиотеката - собственик Име на библиотеката, в която се намира в момента Статус (Текущо местоположение) Местоположение - отдел Цена в лева Номерация (Хронология) Инвентарен номер Систематично азбучна сигнатура Баркод Номер на екземпляра Цена в евро Служебен тип на артикула
  Не е изгубен Universal Decimal Classification Не е повреден без рестрикции Специални фондове ( старопечатни, редки и ценни, фонд М. Арнаудов) 743658 Регионална библиотека "Любен Каравелов" Русе Регионална библиотека "Любен Каравелов" Русе Фонд "Михаил Арнаудов" Фонд "Михаил Арнаудов" 15.00   588093 МА 847 120000588093 1 7.67 Книги
Vip Innovations Ltd, Rousse, Bulgaria 2025